000 00772pam a2200229 a 4500
001 4907700
005 20180222035858.0
008 940906s1995 njua b 001 0 eng
010 _a 94036242
020 _a0023905638
040 _aDLC
_cDLC
_dDLC
041 _aeng
080 _a658.8
082 0 0 _a658.8 PAL
_220
100 1 _a54
101 _aLID
245 1 0 _aServices marketing :
_cAdrian Palmer, Catherine Cole.
504 _aIncludes bibliographical references and index.
906 _a7
_bcbc
_corignew
_d1
_eocip
_f19
_gy-gencatlg
942 _2ddc
_cBK
999 _c43131
_d43131